004850000a220009700045001000018000002450019000183000048000375000244000856500030003297730028003591 aWard, Rowland10aDeath sentence aVol.0, núm.0 (December 2005), Página 10 aUn resumen de la historia de un delincuente joven australiano convertido en prisión quele han dado la sentencia de pena de muerte. El autor presente su caso, y una carta por el prisionero describe su situación y el apoyo de la iglesia.14aENCARCELAMIENTO-CRISTIANO0 tThe Presbyterian Banner